| 000 | 00568pab a2200193 454500 | ||
|---|---|---|---|
| 008 | 180718b2002 xxu||||| |||| 00| 0 eng d | ||
| 100 | _aRay, Ranjan | ||
| 245 | _aSimultaneous analysis of child labour and child schooling: comparative evidence from Nepal and Pakistan | ||
| 260 | _c2002 | ||
| 300 | _ap.5215-224. | ||
| 362 | _a28 Dec | ||
| 650 | _aSchools - Pakistan | ||
| 650 | _aSchools - Nepal | ||
| 650 | _aChild labour - Pakistan | ||
| 650 | _aChild labour - Nepal | ||
| 650 | _aChild labour | ||
| 773 | _aEconomic and Political Weekly | ||
| 909 | _a55049 | ||
| 999 |
_c55049 _d55049 |
||